| 000 | 00635cam a22002293a 4500 | ||
|---|---|---|---|
| 001 | 13530 | ||
| 003 | PGUSA | ||
| 005 | 20140828083306.0 | ||
| 008 | 040926s2004||||xxu|||||s|||||000 1 eng d | ||
| 040 |
_aPGUSA _beng |
||
| 042 | _adc | ||
| 050 | 4 | _aPR | |
| 100 | 1 |
_aGlyn, Elinor, _d1864-1943 |
|
| 245 | 1 | 0 |
_aHalcyone _h[electronic resource] / _cElinor Glyn |
| 260 |
_bProject Gutenberg, _c2004 |
||
| 506 | _aPublic domain in the USA. | ||
| 516 | _aElectronic text | ||
| 653 | _aEngland -- Social life and customs -- Fiction | ||
| 830 | 0 |
_aProject Gutenberg _v13530 |
|
| 856 | 4 | 0 | _uhttp://www.gutenberg.org/ebooks/13530 |
| 942 | _cEB | ||
| 999 |
_c242785 _d242785 |
||